000 00822nam a2200241Ia 4500
003 OSt
005 20220926002558.0
006 a|||||r|||| 00| 0
007 ta
008 220923b |||||||| |||| 00| 0 eng d
037 _cGeneral Book
040 _aRTL
_cRTL
_beng
041 _2eng
_aeng
082 _aX9(J781):51.216.N7, L1
110 _aNational Council of Applied Economic Research, New Delhi
245 0 _aCotton and tobacco in Andhra Pradesh
_b Production
260 _a New Delhi
_bNational Council of Applied Economic Research India
_c1971
300 _av, 158p. Appendix p.157-58
_ccm.
650 _aCotton Industry
_9229873
700 _aNational Council of Applied Economic Research, New Delhi
942 _hX9(J781):51.216.N7, L1
_cGB
_2CC
999 _c605479
_d605479